000 00663nam a2200205Ia 4500
001 12942
003 GE_BSU
008 181216s||||||||xx |||||||||||||| ||und||
040 _cGE_BSU
245 _aВопросы Культурологии. №10 2014
245 _bнаучно-практический и методический журнал.
245 _cГл.ред.Агошков Андрей Валерьевич
260 _aМосква
260 _c2014
300 _a105стр.26см.
653 _aВопросы Культурологии. №10 2014
653 _aПериодика
653 _aპერიოდიკა
942 _cCR
999 _c46111
_d46111